[Event "RSA-chT U14"]
[Site "Cape Town"]
[Date "2016.01.07"]
[Round "7.7"]
[White "Reyneke, Pieter"]
[Black "Slawson, Gregory"]
[Result "1-0"]
[WhiteElo "1217"]
[BlackElo "965"]
[PlyCount "49"]
[EventDate "2016.01.04"]
[EventType "team-tourn"]
[EventRounds "7"]
[EventCountry "RSA"]
[SourceTitle "CBM 170 Extra"]
[Source "ChessBase"]
[SourceDate "2016.02.25"]
[SourceVersion "1"]
[SourceVersionDate "2016.02.25"]
[SourceQuality "1"]
[WhiteTeam "Tshwane"]
[BlackTeam "Ekurhuleni"]
[WhiteTeamCountry "RSA"]
[BlackTeamCountry "RSA"]

1. c4 e6 2. Nc3 d5 3. cxd5 exd5 4. g3 Be6 5. Bg2 Nf6 6. e3 c5 7. Nge2 Nc6 8. 0-0 Bd6 9. d4 Qc7 10. Nb5 Qb8 11. Qc2 Nb4 12. Nxd6+ Qxd6 13. Qxc5 Qxc5 14. dxc5 Nc2 15. Rb1 Bf5 16. Bd2 d4 17. exd4 0-0 18. Rbc1 Bd3 19. Bxb7 Rab8 20. Bf3 Rxb2 21. Rfd1 Bxe2 22. Bxe2 Nxd4 23. Kf1 Rxa2 24. Bc4 Ra5 25. Bc3 1-0